000 00974nam a22002897a 4500
001 BR8108174
003 BR-BrBNA
005 20230928091139.0
007 ta
008 230509b bl.||||| |||| 00| 0 por d
040 _aBR-BrBNA
_bpor
_cBiblioteca Nacional de Agricultura
041 _a(Por)
072 _aF10
_b/G514
090 _ F10 BR8108174
100 1 _aOliveira, E.G. de
100 1 _aSouza, O.B.M. de
110 1 _aComissao Estadual de Planejamento Agricola de Mato Grosso do Sul, Campo Grande (Brasil)
_92030
245 1 _aEstado de Mato Grosso do Sul. Dados pluviometricos, 1970/79 [Brasil]
260 3 _aCampo Grande, MS (Brasil):
_c1981.
300 _a69 p.
500 _aNumerical data. (*) Documento disponível na(o) Comissao Estadual de Planejamento Agricola de Mato Grosso do Sul, Campo Grande (Brazil)
650 _aPLUVIOMETRIA
650 _aCHUVA
650 _aMATO GROSSO DO SUL
909 _a202309
_bLucia
_c55
_dLucia Elande
942 _cBK
999 _c32475
_d32475